Energetická hospodárnosť osvetlenia domácností

Na minha lista:
Detalhes bibliográficos
Autor principal: Kajan, Jakub (Author)
Outros Autores: Gašparovský, Dionýz (Thesis advisor)
Formato: Manuscrito Livro
Idioma:eslovaco
Publicado em: Bratislava : STU v Bratislave FEI, 2020
Assuntos:
Acesso em linha:https://opac.crzp.sk/?fn=detailBiblioForm&sid=F0D9EA643ED404031EE9141BE0B8&seo=CRZP-detail-kniha
Tags: Adicionar Tag
Sem tags, seja o primeiro a adicionar uma tag!

MARC

LEADER 00000ntm a22000003a 4500
001 stuzp74578
003 SK-STU
005 20200731105405.9
007 ta
008 150427s2015----xo-----f-mn---000-0-slo-d
040 |a STU  |b slo 
041 0 |a slo 
044 |a xo 
100 1 |a Kajan, Jakub  |u 032000  |4 aut  |U FEI Fakulta elektrotechniky a informatiky  |T FEI Ústav elektroenergetiky a aplikovanej elektrotechniky  |X 73950  |U E020  |Y 548  |7 73950 
242 0 1 |a Energy Performance of Home Lighting  |y eng 
245 1 0 |a Energetická hospodárnosť osvetlenia domácností 
260 |c Bratislava :  |c STU v Bratislave FEI,  |c 2020 
300 |a 74 s. 
650 4 |a Návrh osvetlenia  |2 slo 
650 4 |a energetická hospodárnosť  |2 slo 
650 4 |a osvetlenie domácností  |2 slo 
650 4 |a LED  |2 slo 
650 4 |a lighting design  |2 eng 
650 4 |a energy efficiency  |2 eng 
650 4 |a household lighting  |2 eng 
650 4 |a LED  |2 eng 
700 1 |a Gašparovský, Dionýz  |u 032000  |k Z1  |4 ths  |U FEI Fakulta elektrotechniky a informatiky  |T FEI Ústav elektroenergetiky a aplikovanej elektrotechniky  |X 1935  |U E020  |Y 548  |7 A000001935 
856 4 |u https://opac.crzp.sk/?fn=detailBiblioForm&sid=F0D9EA643ED404031EE9141BE0B8&seo=CRZP-detail-kniha